Statistics for The Double Quiz

Click here to take the quiz!

General Stats

  • This quiz has been taken 37,866 times
    (23,415 since last reset)
  • The average score is 12 of 22

Answer Stats

ClueAnswer% Correct
London busDouble Decker
92%
Spy who plays both sidesDouble Agent
88%
DNA's structureDouble Helix
78%
It's bigger than a celloDouble Bass
75%
Violation of chip-eating etiquetteDouble Dip
71%
Basketball violationDouble Dribble
71%
Something you do with a mouseDouble-click
70%
Jump-roping styleDouble Dutch
67%
ROYGBIV + ROYGBIVDouble Rainbow
67%
Actor's nude replacementBody Double
63%
Coffee drink with twice the espressoDouble Shot
62%
To double one's blackjack betDouble Down
58%
Statement with two meanings, one risquéDouble Entendre
57%
Second trial for the same offenseDouble Jeopardy
56%
Large mobile homeDoublewide
44%
Bassoon or oboe, e.g.Double Reed
42%
Tournament where two losses
means you're out
Double
Elimination
37%
Double your pleasure, double your funDoublemint
37%
10 or more points, rebounds, and
assists in a single game
Triple Double
33%
Former Nickelodeon game showDouble Dare
29%
1987 Nintendo street fighting gameDouble Dragon
21%
Bookkeeping systemDouble Entry
20%

Score Distribution

Percentile by Number Answered

Percent of People with Each Score

Your Score History

You have not taken this quiz since the last reset